00633nam a2200229 u 4500001000500000005001700005008004100022020001500063035000900078035002100087040001300108041000800121082000800129100003800137245007100175250001100246260003000257300001800287600004100305700003000346700002700376485620260428104255.0950921s1993 spa  a9681325451 a4856 a(OCoLC)778119436 ccomduadb aspa 4a65810aParkinson, C. Northcote4auteaut10aPeter Drucker : un comentario critico sobre su filosofia gerencial a1. ed. aMéxico :bDiana,c1993. a303 páginas14aDrucker, Peter Ferdinand,d1909-200510aRustonji, M. K.4auteaut10aSapre, S. A.4auteaut